| 000 | 00481nam a2200169 a 4500 | ||
|---|---|---|---|
| 005 | 20210223125510.0 | ||
| 008 | 041020s1980 mx r 000 0 spa d | ||
| 035 | _aUPN01000135853 | ||
| 049 | _aF | ||
| 050 | 4 |
_aJF1601 _bM3.6 |
|
| 245 | 0 | 0 | _aManual para el administrador de la capacitación. |
| 260 |
_aMéxico : _bISSSTE, _c[1980]. |
||
| 300 | _a20 p. | ||
| 440 | 0 |
_aTécnica C.N.C.A. _pManuales ; _v3 |
|
| 650 | 4 |
_aFUNCIONARIOS PUBLICOS - _xCAPACITACION _920876 |
|
| 905 | _aLibro | ||
| 999 |
_c108004 _d108004 |
||